| 000 | 00756nam a22002291 4500 | ||
|---|---|---|---|
| 001 | sa 68006047 | ||
| 003 | DLC | ||
| 005 | 20260227112513.0 | ||
| 008 | 710915q19601968ii 00000 eng | ||
| 010 | _asa 68006047 | ||
| 025 | _aPL480:I-E-8559 | ||
| 043 | _aa-ii--- | ||
| 050 | 0 |
_aHJ4387.N5 _bA53 |
|
| 110 | 1 | 0 | _aNilgiri, India (State) |
| 245 | 1 | 0 |
_aFinal report on the Nilgiri settlement; _bcommenced on 1st December, 1917 and concluded on the 31st March, 1922. |
| 260 | 0 |
_aBerhampur, _bPrinted at Sarada Press _c[196-?] |
|
| 300 |
_a82 p. _c32 cm. |
||
| 350 | _aRs1.81 | ||
| 650 | 0 |
_aLand value taxation _zNilgiri, India (State) |
|
| 650 | 0 |
_aLand tenure _zNilgiri, India (State) |
|
| 650 | 0 |
_aAgriculture _xEconomic aspects _zIndia _zNilgiri (State) |
|
| 999 |
_c81098 _d81098 |
||